00557nam a2200193 a 4500008004100000020001500041050001900056100002800075245004600103250001200149260004100161300002000202350000900222500003900231650003300270650001300303650003500316650001200351120416s1988 ||||||||||||||||| || u a0205110878 aHF 5438.25 Mar aMarks, Ronald B., 1944-10aPersonal selling: an interactive approach a3rd ed. aBoston, Mass:bAllyn and Baconc1988 axvi, 607p.: ill a0.00 aIncludes bibliographies and index. aSELLING--VACATIONAL GUIDANCE 0aCOMMERCE aSELLING--PSYCHOLOGICAL ASPECTS 0aSELLING